Statystyki dla Niepodległe państwa które były koloniami Francji

Kliknij tutaj aby rozwiązać quiz!

Ogólne statystyki

  • Ten quiz został rozwiązany 53 razy
  • Średni wynik to 18 z 34

Statystyki odpowiedzi

Odpowiedź% Poprawnych
Algieria
92%
Niger
84%
Republika Mali
81%
Maroko
81%
Kamerun Francuski
73%
Kamerun
73%
Tunezja
73%
Czad
70%
Mauretania
70%
Gabon
68%
Senegal
68%
Kongo
65%
Gwinea
65%
Benin
62%
Republika Środkowoafrykańska
59%
Wietnam
59%
Republika Togo
57%
Kambodża
57%
Madagaskar
57%
Burkina Faso
54%
Laos
54%
Liban
51%
WKS
51%
Syria
49%
Komory
41%
Mauritius
32%
Dżibuti
24%
Republika Saint Lucii
22%
Grenada
19%
Haiti
19%
Saint Kitts i Nevis
16%
Saint Vincent i Grenadyny
16%
Dominika
14%
Trynidad i Tobago
8%

Rozkład punktacji

Percentyl według liczby udzielonych odpowiedzi

Procent ludzi z każdym wynikiem

Twoja historia wyników

Nie rozwiązałeś tego quizu